[Event "British Universities-ch"]
[Site "Telford"]
[Date "2018.02.24"]
[Round "1.2"]
[White "Fernandez, Michael"]
[Black "Balaji, Ananthanarayanan"]
[Result "1-0"]
[WhiteElo "2165"]
[BlackElo "1968"]
[PlyCount "79"]
[EventDate "2018.02.24"]
[EventType "team-swiss"]
[EventRounds "5"]
[EventCountry "ENG"]
[SourceTitle "CBM 183 Extra"]
[Source "ChessBase"]
[SourceDate "2018.04.19"]
[SourceVersion "1"]
[SourceVersionDate "2018.04.19"]
[SourceQuality "1"]
[WhiteTeam "Southampton"]
[BlackTeam "London SE"]
[WhiteTeamCountry "ENG"]
[BlackTeamCountry "ENG"]

1. c4 Nf6 2. g3 e6 3. Bg2 d5 4. Nf3 c5 5. 0-0 Nc6 6. cxd5 exd5 7. d4 cxd4 8. Nxd4 Bc5 9. Nb3 Be7 10. Nc3 Be6 11. Nb5 0-0 12. N5d4 Bd7 13. Bf4 Qb6 14. Be3 Qd8 15. Rc1 Re8 16. Nxc6 bxc6 17. Bc5 Bxc5 18. Nxc5 Qb6 19. Qc2 Rac8 20. e4 dxe4 21. Nxd7 Nxd7 22. Bxe4 Nf6 23. Bf5 Rcd8 24. Rfe1 g6 25. Bh3 Kg7 26. Rxe8 Nxe8 27. Qxc6 Qxb2 28. Qc3+ Qxc3 29. Rxc3 Nf6 30. Rc7 Rd1+ 31. Kg2 Rd2 32. Be6 Ne4 33. Rxf7+ Kh6 34. Rf4 Nc3 35. a4 a5 36. h4 Rb2 37. g4 Ne2 38. g5+ Kg7 39. Rf7+ Kh8 40. Rf8+ 1-0

[Event "London Golders Green op 4th"]
[Site "London"]
[Date "2014.08.25"]
[Round "6"]
[White "Balaji, Ananthanarayanan"]
[Black "Johansson, Toni"]
[Result "0-1"]
[WhiteElo "1984"]
[BlackElo "2055"]
[PlyCount "92"]
[EventDate "2014.08.23"]
[EventType "swiss"]
[EventRounds "6"]
[EventCountry "ENG"]
[SourceTitle "EXT 2018"]
[Source "ChessBase"]
[SourceDate "2017.10.13"]
[SourceVersion "1"]
[SourceVersionDate "2017.10.13"]
[SourceQuality "1"]

1. e4 c5 2. Nc3 Nc6 3. f4 e6 4. Nf3 g6 5. Bb5 Nd4 6. 0-0 Ne7 7. Kh1 Bg7 8. Nxd4 cxd4 9. Ne2 0-0 10. d3 d5 11. Ng3 Qa5 12. f5 f6 13. c4 dxc3 14. Ba4 b5 15. Bb3 b4 16. bxc3 bxc3 17. Be3 exf5 18. Bd4 Bh6 19. Qf3 Be6 20. exf5 Qb4 21. Bxc3 Qxc3 22. fxe6 Rad8 23. Rae1 a5 24. Re2 Qd4 25. Rc2 a4 26. Rc7 axb3 27. axb3 Rde8 28. Rb1 Qf4 29. Qxf4 Bxf4 30. Rd7 f5 31. Ne2 Be3 32. Ra1 Kg7 33. Ra6 f4 34. Nc3 Rf5 35. Nb5 f3 36. gxf3 Bf4 37. Nd4 Rh5 38. Nc6 Kf6 39. Nb4 Bxh2 40. Kg2 Bb8 41. f4 Bxf4 42. Kf3 Bb8 43. Ra8 Rf5+ 44. Kg2 Kxe6 45. Rb7 Rg5+ 46. Kf3 Rf8+ 0-1

[Event "London Golders Green op 4th"]
[Site "London"]
[Date "2014.08.23"]
[Round "2"]
[White "Balaji, Ananthanarayanan"]
[Black "Willmoth, Robert"]
[Result "0-1"]
[WhiteElo "1984"]
[BlackElo "2153"]
[PlyCount "76"]
[EventDate "2014.08.23"]
[EventType "swiss"]
[EventRounds "6"]
[EventCountry "ENG"]
[SourceTitle "EXT 2018"]
[Source "ChessBase"]
[SourceDate "2017.10.13"]
[SourceVersion "1"]
[SourceVersionDate "2017.10.13"]
[SourceQuality "1"]

1. e4 d6 2. d4 Nf6 3. Nc3 c6 4. f3 Nbd7 5. Be3 Qb6 6. Rb1 d5 7. Qd2 dxe4 8. fxe4 Ng4 9. Nf3 Nxe3 10. Qxe3 e5 11. Bd3 exd4 12. Qxd4 Qxd4 13. Nxd4 Ne5 14. Nf3 Bd6 15. 0-0 f6 16. Nxe5 Bxe5 17. Bc4 Ke7 18. Ne2 Be6 19. Bxe6 Kxe6 20. c3 Rhd8 21. Rbd1 c5 22. g3 g5 23. Kf2 b5 24. Ke3 a5 25. Nc1 h5 26. Nd3 Bd6 27. Nc1 Rd7 28. Rd5 Rad8 29. Rfd1 Be7 30. Rxd7 Rxd7 31. Rxd7 Kxd7 32. b3 Bd6 33. a4 h4 34. gxh4 Bf4+ 35. Kf3 Bxc1 36. h5 g4+ 37. Kxg4 bxa4 38. bxa4 Ke6 0-1

[Event "Sunningdale e2e4 op 04"]
[Site "Ascot"]
[Date "2014.04.19"]
[Round "4"]
[White "Lock, Gavin R"]
[Black "Balaji, Ananthanarayanan"]
[Result "1-0"]
[WhiteElo "2182"]
[BlackElo "1973"]
[PlyCount "72"]
[EventDate "2014.04.17"]
[EventType "swiss"]
[EventRounds "9"]
[EventCountry "ENG"]
[SourceTitle "CBM 159 Extra"]
[Source "ChessBase"]
[SourceDate "2014.04.24"]
[SourceVersion "1"]
[SourceVersionDate "2014.04.24"]
[SourceQuality "1"]

1. d4 Nf6 2. Bg5 Ne4 3. Bf4 c5 4. f3 Qa5+ 5. c3 Nf6 6. d5 Qb6 7. Bc1 e6 8. e4 exd5 9. exd5 Be7 10. c4 0-0 11. Bd3 d6 12. Nc3 Nbd7 13. f4 a6 14. Nge2 Qc7 15. a4 Rb8 16. 0-0 Ne8 17. g4 Qd8 18. g5 g6 19. Ng3 f6 20. h4 Ng7 21. Kg2 Nb6 22. h5 gxh5 23. Nxh5 fxg5 24. Nxg7 Kxg7 25. a5 Nd7 26. Rh1 Rh8 27. Qh5 Nf8 28. fxg5 Bd7 29. g6 Bf6 30. Qh6+ Kg8 31. gxh7+ Kf7 32. Qh5+ Ke7 33. Re1+ Ne6 34. dxe6 Bc6+ 35. Nd5+ Bxd5+ 36. cxd5 c4 1-0

[Event "Sunningdale e2e4 op 04"]
[Site "Ascot"]
[Date "2014.04.18"]
[Round "3"]
[White "Balaji, Ananthanarayanan"]
[Black "Sowray, Peter John"]
[Result "0-1"]
[WhiteElo "1973"]
[BlackElo "2331"]
[PlyCount "96"]
[EventDate "2014.04.17"]
[EventType "swiss"]
[EventRounds "9"]
[EventCountry "ENG"]
[SourceTitle "CBM 159 Extra"]
[Source "ChessBase"]
[SourceDate "2014.04.24"]
[SourceVersion "1"]
[SourceVersionDate "2014.04.24"]
[SourceQuality "1"]

1. d4 f5 2. g3 Nf6 3. Bg2 g6 4. c3 d6 5. Nh3 Nc6 6. Nd2 e5 7. dxe5 dxe5 8. 0-0 Bg7 9. Nc4 Qxd1 10. Rxd1 Ng4 11. Ne3 Nxe3 12. Bxe3 Bd7 13. Bd5 Nd8 14. Ng5 Ba4 15. Rd2 h6 16. Nf3 Bf6 17. Bc5 Rh7 18. h4 Rd7 19. Bg8 Nf7 20. Rxd7 Bxd7 21. Rd1 Be6 22. Bh7 Nh8 23. h5 Kf7 24. Nh4 Bxh4 25. Bxg6+ Nxg6 26. hxg6+ Kxg6 27. gxh4 Kf6 28. Kh2 b6 29. Be3 f4 30. Bc1 Bxa2 31. f3 Bc4 32. e3 Be2 33. Re1 Bxf3 34. exf4 e4 35. Be3 Kf5 36. Rg1 Rd8 37. Rg7 Rd3 38. Bd4 c5 39. Be5 e3 40. Rg1 e2 41. c4 Rd1 42. Bc3 Kxf4 43. Be1 h5 44. Kh3 Ke3 45. Kg3 Bg4 46. Rh1 Kd3 47. b3 Kc2 48. Kf2 Kxb3 0-1

[Event "Wch U16"]
[Site "Al Ain"]
[Date "2013.12.26"]
[Round "9"]
[White "Balaji, Ananthanarayanan"]
[Black "Dale, Ari"]
[Result "0-1"]
[WhiteElo "1973"]
[BlackElo "2289"]
[PlyCount "110"]
[EventDate "2013.12.18"]
[EventType "swiss"]
[EventRounds "11"]
[EventCountry "UAE"]
[SourceTitle "CBM 158 Extra"]
[Source "ChessBase"]
[SourceDate "2014.02.28"]
[SourceVersion "1"]
[SourceVersionDate "2014.02.28"]
[SourceQuality "1"]

1. d4 Nf6 2. Nf3 g6 3. g3 Bg7 4. Bg2 d5 5. 0-0 0-0 6. Nbd2 Bf5 7. c4 c6 8. b3 a6 9. Bb2 b5 10. cxd5 cxd5 11. Ne5 Qa5 12. a3 Rc8 13. Rc1 b4 14. Rxc8+ Bxc8 15. Qc1 Bf5 16. Qc5 Qxc5 17. dxc5 a5 18. Rc1 Ra7 19. Bd4 Rc7 20. axb4 axb4 21. c6 Ng4 22. Ndf3 Rc8 23. Nxg4 Bxg4 24. Bxg7 Kxg7 25. Nd4 e5 26. h3 Be6 27. c7 Na6 28. Nxe6+ fxe6 29. Rc6 Nxc7 30. Rb6 Kf6 31. Rxb4 e4 32. e3 Na6 33. Rb6 Rc1+ 34. Kh2 Nc5 35. h4 Nd7 36. Ra6 Ne5 37. Ra2 Rb1 38. g4 Nxg4+ 39. Kg3 Nh6 40. Ra7 Nf5+ 41. Kh2 h5 42. Rb7 Nxh4 43. Rb8 Kg5 44. b4 Rb2 45. Kg1 Nf3+ 46. Bxf3 exf3 47. b5 Kg4 48. Rf8 g5 49. Ra8 Kh3 50. Ra1 Rxb5 51. Kh1 g4 52. Rg1 h4 53. e4 dxe4 54. Ra1 g3 55. Re1 Rb2 0-1

[Event "Wch U16"]
[Site "Al Ain"]
[Date "2013.12.23"]
[Round "7"]
[White "Markoja, Boris"]
[Black "Balaji, Ananthanarayanan"]
[Result "1/2-1/2"]
[WhiteElo "2167"]
[BlackElo "1973"]
[PlyCount "157"]
[EventDate "2013.12.18"]
[EventType "swiss"]
[EventRounds "11"]
[EventCountry "UAE"]
[SourceTitle "CBM 158 Extra"]
[Source "ChessBase"]
[SourceDate "2014.02.28"]
[SourceVersion "1"]
[SourceVersionDate "2014.02.28"]
[SourceQuality "1"]

1. c4 Nf6 2. Nc3 d5 3. cxd5 Nxd5 4. g3 g6 5. Bg2 c6 6. Nf3 Bg7 7. 0-0 0-0 8. d4 Nxc3 9. bxc3 Nd7 10. Qc2 Qa5 11. e3 Nb6 12. Nd2 Be6 13. c4 c5 14. Bb2 Na4 15. Ba3 cxd4 16. Nb3 Qc3 17. Qxc3 dxc3 18. Bxb7 Rab8 19. Bc6 Nb2 20. Nd4 Bxc4 21. Rfc1 Rfc8 22. Rxc3 Bxd4 23. exd4 Rxc6 24. Rac1 Ra6 25. Rb1 Rab6 26. Rxb2 Rxb2 27. Bxb2 Rxb2 28. Rxc4 Rxa2 29. Rc7 e6 30. Kg2 Ra3 31. h4 h5 32. Rd7 Kg7 33. Rc7 Kf6 34. Rb7 a5 35. Ra7 a4 36. Kg1 Ra1+ 37. Kg2 a3 38. Kf3 a2 39. Kg2 g5 40. hxg5+ Kxg5 41. Ra5+ f5 42. Ra6 h4 43. gxh4+ Kxh4 44. Kf3 Kg5 45. Ra5 Kf6 46. Ra7 Kg6 47. Kf4 Kf6 48. Kf3 Kg5 49. Ra5 Rd1 50. Rxa2 Rxd4 51. Ra8 Rd3+ 52. Kg2 e5 53. Re8 Kf4 54. Re7 Rd2 55. Re8 e4 56. Re7 Rd6 57. Ra7 Rg6+ 58. Kf1 Rb6 59. Kg2 Rd6 60. Ra8 Ke5 61. Re8+ Re6 62. Ra8 Kf4 63. Ra7 Rd6 64. Ra8 Ke5 65. Re8+ Kd4 66. Rf8 Rg6+ 67. Kf1 Ke5 68. Re8+ Kf4 69. Ra8 Kg4 70. Ra3 f4 71. f3+ exf3 72. Ra8 Kg3 73. Rb8 Rg5 74. Ra8 Rg4 75. Rb8 Rh4 76. Rg8+ Rg4 77. Rb8 f2 78. Rb3+ f3 79. Rxf3+ 1/2-1/2

[Event "BCF-chT1a 1314 (4NCL)"]
[Site "England"]
[Date "2013.11.17"]
[Round "2.137"]
[White "Foisor, Mihaela Veronica"]
[Black "Balaji, Ananthanarayanan"]
[Result "1/2-1/2"]
[WhiteElo "2222"]
[BlackElo "1965"]
[PlyCount "82"]
[EventDate "2013.11.16"]
[EventType "team-tourn"]
[EventRounds "7"]
[EventCountry "ENG"]
[SourceTitle "EXT 2015"]
[Source "ChessBase"]
[SourceDate "2014.11.20"]
[SourceVersion "1"]
[SourceVersionDate "2014.11.20"]
[SourceQuality "1"]
[WhiteTeam "Grantham Sharks"]
[BlackTeam "Kings Head"]
[WhiteTeamCountry "ENG"]
[BlackTeamCountry "ENG"]

1. d4 Nf6 2. c4 g6 3. Nc3 d5 4. cxd5 Nxd5 5. Bd2 Nb6 6. Nf3 Bg7 7. Bg5 0-0 8. e3 c5 9. dxc5 N6d7 10. Rc1 h6 11. Bh4 Nc6 12. Bb5 g5 13. Bg3 Nxc5 14. 0-0 Bf5 15. Qe2 Ne4 16. Rfd1 Nxc3 17. bxc3 Qb6 18. Nd4 Bg6 19. Bxc6 bxc6 20. Qf3 Rac8 21. c4 c5 22. Nf5 Bxf5 23. Qxf5 e6 24. Qc2 Rfd8 25. Rb1 Qc6 26. h3 Bf6 27. Rb3 Rxd1+ 28. Qxd1 Qa4 29. Qe2 Rd8 30. h4 Qd7 31. h5 Qd1+ 32. Qxd1 Rxd1+ 33. Kh2 Rc1 34. Ra3 Rxc4 35. Rxa7 Rc1 36. Rc7 c4 37. a4 c3 38. a5 Ra1 39. Rc5 Ra2 40. f4 c2 41. a6 Rxa6 1/2-1/2

[Event "GBR-ch 100th"]
[Site "Torquay"]
[Date "2013.08.09"]
[Round "11"]
[White "Longson, Sarah N"]
[Black "Balaji, Ananthanarayanan"]
[Result "1/2-1/2"]
[WhiteElo "2124"]
[BlackElo "1946"]
[PlyCount "91"]
[EventDate "2013.07.29"]
[EventType "swiss"]
[EventRounds "11"]
[EventCountry "ENG"]
[SourceTitle "CBM 155 Extra"]
[Source "ChessBase"]
[SourceDate "2013.08.26"]
[SourceVersion "1"]
[SourceVersionDate "2013.08.26"]
[SourceQuality "1"]

1. e4 e5 2. Nf3 Nc6 3. Bb5 f5 4. d3 fxe4 5. dxe4 Nf6 6. Bc4 Bc5 7. Nc3 d6 8. Ng5 Rf8 9. Nf3 Bg4 10. Be2 Qd7 11. h3 Bh5 12. Bg5 Bg6 13. Bxf6 gxf6 14. a3 f5 15. exf5 Bxf5 16. Na4 Bb6 17. Nxb6 axb6 18. Qd2 0-0-0 19. 0-0-0 Kb8 20. Bb5 Qe6 21. Kb1 Bg6 22. Qc3 Ne7 23. Ba4 Qf6 24. Rhf1 Bf7 25. Qd2 Bh5 26. Rde1 Bxf3 27. gxf3 Qxf3 28. Qh6 Qf5 29. Bb3 Qg6 30. Qd2 Rf3 31. Rxe5 Nc6 32. Re3 Rdf8 33. Bd5 Rxf2 34. Rxf2 Qg1+ 35. Re1 Qxf2 36. Re8+ Ka7 37. Qxf2 Rxf2 38. Bxc6 bxc6 39. Re7 Kb7 40. Rxh7 Rh2 41. h4 c5 42. b3 Rh3 43. h5 c4 44. bxc4 Rxa3 45. Kb2 Rh3 46. c3 1/2-1/2

[Event "GBR-ch 100th"]
[Site "Torquay"]
[Date "2013.08.06"]
[Round "8"]
[White "Balaji, Ananthanarayanan"]
[Black "Reid, John"]
[Result "1/2-1/2"]
[WhiteElo "1946"]
[BlackElo "2151"]
[PlyCount "25"]
[EventDate "2013.07.29"]
[EventType "swiss"]
[EventRounds "11"]
[EventCountry "ENG"]
[SourceTitle "CBM 155 Extra"]
[Source "ChessBase"]
[SourceDate "2013.08.26"]
[SourceVersion "1"]
[SourceVersionDate "2013.08.26"]
[SourceQuality "1"]

1. e4 c5 2. Nc3 a6 3. g3 b5 4. Bg2 Bb7 5. Nge2 e6 6. 0-0 Nf6 7. d3 d5 8. exd5 Nxd5 9. Nxd5 Bxd5 10. Bxd5 Qxd5 11. a4 b4 12. Nf4 Qd8 13. Qh5 1/2-1/2

[Event "GBR-ch 100th"]
[Site "Torquay"]
[Date "2013.08.02"]
[Round "5"]
[White "Batchelor, Peter"]
[Black "Balaji, Ananthanarayanan"]
[Result "1-0"]
[WhiteElo "2118"]
[BlackElo "1946"]
[PlyCount "123"]
[EventDate "2013.07.29"]
[EventType "swiss"]
[EventRounds "11"]
[EventCountry "ENG"]
[SourceTitle "CBM 155 Extra"]
[Source "ChessBase"]
[SourceDate "2013.08.26"]
[SourceVersion "1"]
[SourceVersionDate "2013.08.26"]
[SourceQuality "1"]

1. d4 Nf6 2. Bg5 c5 3. Nc3 Qb6 4. d5 d6 5. e4 g6 6. Bb5+ Bd7 7. a4 Bxb5 8. axb5 Bg7 9. Nf3 Nbd7 10. 0-0 0-0 11. Nd2 Qc7 12. Qe2 Rfe8 13. f4 e6 14. dxe6 fxe6 15. Rae1 Nb6 16. Qf3 d5 17. Bxf6 Bxf6 18. e5 Bg7 19. Qh3 Nd7 20. g3 Rad8 21. Nf3 Nf8 22. Qg2 Qb6 23. Qf2 Rc8 24. Kg2 Nd7 25. Qd2 Rcd8 26. Qe2 Bf8 27. Na4 Qa5 28. Ra1 Qc7 29. c4 Nb6 30. Nxb6 Qxb6 31. b3 Rd7 32. Qa2 a6 33. Qa5 Qxa5 34. Rxa5 axb5 35. Rxb5 Ra8 36. Rd1 Rad8 37. Ra1 h6 38. Ra7 Rb8 39. Rb6 Re7 40. cxd5 exd5 41. Rxg6+ Kh7 42. Rd6 d4 43. Rb6 Rc7 44. Rb5 d3 45. f5 Kg8 46. Ra1 Rd8 47. Rd1 Rd5 48. g4 Kf7 49. Kf2 Bg7 50. e6+ Ke7 51. Ke3 Bd4+ 52. Ke4 Rd8 53. Rxd3 Ra8 54. Nxd4 cxd4 55. Rxd4 Ra2 56. Ke5 Re2+ 57. Re4 Rf2 58. h4 b6 59. g5 hxg5 60. hxg5 Ke8 61. Ra4 Re2+ 62. Kf6 1-0

[Event "GBR-ch 100th"]
[Site "Torquay"]
[Date "2013.07.29"]
[Round "1"]
[White "Murphy, Hugh"]
[Black "Balaji, Ananthanarayanan"]
[Result "1-0"]
[WhiteElo "2170"]
[BlackElo "1946"]
[PlyCount "33"]
[EventDate "2013.07.29"]
[EventType "swiss"]
[EventRounds "11"]
[EventCountry "ENG"]
[SourceTitle "CBM 155 Extra"]
[Source "ChessBase"]
[SourceDate "2013.08.26"]
[SourceVersion "1"]
[SourceVersionDate "2013.08.26"]
[SourceQuality "1"]

1. e4 e5 2. Nf3 Nc6 3. Nc3 Nf6 4. d4 exd4 5. Nxd4 Bb4 6. Nxc6 bxc6 7. Bd3 d5 8. exd5 cxd5 9. 0-0 0-0 10. Bg5 c6 11. Qf3 Be7 12. Rae1 h6 13. Bxh6 gxh6 14. Qe3 Rb8 15. Qxh6 Rb4 16. Re5 Rg4 17. Rh5 1-0

[Event "Wch U14"]
[Site "Maribor"]
[Date "2012.11.12"]
[Round "6.59"]
[White "Balaji, Ananthanarayanan"]
[Black "Conradie, Andre"]
[Result "1/2-1/2"]
[WhiteElo "1888"]
[BlackElo "1659"]
[PlyCount "82"]
[EventDate "2012.11.08"]
[EventType "swiss"]
[EventRounds "11"]
[EventCountry "SLO"]
[SourceTitle "EXT 2013"]
[Source "ChessBase"]
[SourceDate "2012.11.22"]
[SourceVersion "1"]
[SourceVersionDate "2012.11.22"]
[SourceQuality "1"]

1. e4 c6 2. c4 d5 3. exd5 cxd5 4. cxd5 Nf6 5. Qa4+ Bd7 6. Qb3 Qb6 7. Nc3 Na6 8. Bc4 Qxb3 9. Bxb3 Nb4 10. d4 a5 11. a3 Na6 12. Nf3 g6 13. Ne5 Bg7 14. 0-0 0-0 15. Re1 Rfe8 16. Bg5 Bf5 17. d6 e6 18. d7 Red8 19. g4 Nxg4 20. Bxd8 Rxd8 21. Nxg4 Bxg4 22. d5 Nc5 23. dxe6 fxe6 24. Ba2 Rxd7 25. Ne4 Nd3 26. Re3 Nf4 27. Nc5 Rc7 28. Nxe6 Nxe6 29. Bxe6+ Bxe6 30. Rxe6 Bxb2 31. Ra2 Bd4 32. Rae2 Kf7 33. R6e4 Bc5 34. a4 b6 35. Kg2 Kf6 36. Re6+ Kf7 37. Kf3 Rd7 38. Rc6 Rd3+ 39. Kg2 Rd4 40. Rc7+ Kf6 41. Rc6+ Kf5 1/2-1/2

[Event "Wch U14"]
[Site "Maribor"]
[Date "2012.11.10"]
[Round "3.29"]
[White "Kozionov, Kirill"]
[Black "Balaji, Ananthanarayanan"]
[Result "1-0"]
[WhiteElo "2263"]
[BlackElo "1888"]
[PlyCount "105"]
[EventDate "2012.11.08"]
[EventType "swiss"]
[EventRounds "11"]
[EventCountry "SLO"]
[SourceTitle "EXT 2013"]
[Source "ChessBase"]
[SourceDate "2012.11.22"]
[SourceVersion "1"]
[SourceVersionDate "2012.11.22"]
[SourceQuality "1"]

1. e4 e5 2. Nf3 Nc6 3. d4 exd4 4. Bc4 Nf6 5. e5 d5 6. Bb5 Ne4 7. Nxd4 Bd7 8. Bxc6 bxc6 9. 0-0 Bc5 10. f3 Ng5 11. Be3 Qe7 12. Qd2 0-0 13. Bxg5 Bxd4+ 14. Qxd4 Qxg5 15. Nc3 Qg6 16. Rf2 Bf5 17. Ne2 Rfe8 18. g4 Bd7 19. Nf4 Qg5 20. Nd3 h5 21. h3 Qh4 22. Kg2 Re6 23. Qf4 Rh6 24. Qg3 Qe7 25. Re1 c5 26. Nf4 h4 27. Qh2 Bc6 28. Rfe2 Re8 29. c3 Bb7 30. Qg1 Qg5 31. Qe3 Qe7 32. Rd2 c6 33. Nd3 f6 34. Qxc5 Qc7 35. f4 g5 36. fxg5 fxg5 37. Qe3 Rg6 38. Nc5 Bc8 39. b4 a5 40. a3 axb4 41. axb4 Rf8 42. Rf2 Rxf2+ 43. Qxf2 Qe7 44. Qe3 Qc7 45. Nb3 Bd7 46. Re2 Qc8 47. Qf3 Rg7 48. Nd4 Rf7 49. Qe3 Bxg4 50. e6 Bxh3+ 51. Qxh3 Rf4 52. e7 Rg4+ 53. Kh2 1-0

[Event "BCF-chT2b 1213 (4NCL)"]
[Site "England"]
[Date "2012.11.03"]
[Round "1.68"]
[White "Whitehead, David J"]
[Black "Balaji, Ananthanarayanan"]
[Result "0-1"]
[WhiteElo "2035"]
[BlackElo "1892"]
[PlyCount "62"]
[EventDate "2012.11.03"]
[EventType "team-tourn"]
[EventRounds "7"]
[EventCountry "ENG"]
[SourceTitle "EXT 2014"]
[Source "ChessBase"]
[SourceDate "2013.11.20"]
[SourceVersion "1"]
[SourceVersionDate "2013.11.20"]
[SourceQuality "1"]
[WhiteTeam "3CS Oldham"]
[BlackTeam "Kings Head"]
[WhiteTeamCountry "ENG"]
[BlackTeamCountry "ENG"]

1. e4 e5 2. Bc4 Nf6 3. d3 Nc6 4. Nf3 Be7 5. c3 0-0 6. Bb3 d5 7. Qe2 Bg4 8. h3 Bh5 9. Bg5 dxe4 10. dxe4 Nd7 11. Bxe7 Qxe7 12. Nbd2 Nc5 13. Bd5 Bxf3 14. Nxf3 Nd8 15. a4 Nde6 16. g3 c6 17. Bc4 Qf6 18. b4 Nd7 19. 0-0 Rfd8 20. Rfd1 Ndf8 21. Qe3 Ng6 22. Bxe6 Qxe6 23. Rxd8+ Rxd8 24. Qxa7 Qxh3 25. Qxb7 Nf4 26. gxf4 Qxf3 27. Qxc6 Qg4+ 28. Kf1 Qh3+ 29. Ke2 Qd3+ 30. Ke1 exf4 31. a5 f3 0-1

[Event "High Wycombe e2e4 op 10"]
[Site "High Wycombe"]
[Date "2012.10.13"]
[Round "3"]
[White "Ghaderi, Parviz"]
[Black "Balaji, Ananthanarayanan"]
[Result "0-1"]
[WhiteElo "2003"]
[BlackElo "1892"]
[PlyCount "84"]
[EventDate "2012.10.12"]
[EventType "swiss"]
[EventRounds "5"]
[EventCountry "ENG"]
[SourceTitle "EXT 2013"]
[Source "ChessBase"]
[SourceDate "2012.11.22"]
[SourceVersion "1"]
[SourceVersionDate "2012.11.22"]
[SourceQuality "1"]

1. d4 d5 2. c4 c6 3. g3 Nf6 4. Nf3 e6 5. Bg2 Be7 6. 0-0 0-0 7. Nc3 Nbd7 8. c5 Re8 9. Bd2 Nf8 10. Ne5 Ng6 11. f4 Nd7 12. b4 Ndxe5 13. fxe5 f6 14. exf6 Bxf6 15. e3 e5 16. Be1 exd4 17. exd4 Qe7 18. Bf2 Be6 19. b5 Qd7 20. Qa4 Kh8 21. Rfe1 Bg5 22. Be3 Bxe3+ 23. Rxe3 Bh3 24. bxc6 bxc6 25. Bxh3 Qxh3 26. Qxc6 Rf8 27. Rae1 Rad8 28. Qe6 Qh5 29. h4 Nxh4 30. gxh4 Qxh4 31. Qh3 Qxd4 32. Kg2 Qxc5 33. Rh1 h6 34. Qe6 Rf6 35. Qe7 Rg6+ 36. Kh2 Qc8 37. Rg1 Rxg1 38. Kxg1 d4 39. Rg3 Rd7 40. Qe5 dxc3 41. Rxc3 Rd1+ 42. Kf2 Qg4 0-1

[Event "High Wycombe e2e4 op 10"]
[Site "High Wycombe"]
[Date "2012.10.12"]
[Round "1"]
[White "Balaji, Ananthanarayanan"]
[Black "Mason, Donald"]
[Result "0-1"]
[WhiteElo "1892"]
[BlackElo "2219"]
[PlyCount "98"]
[EventDate "2012.10.12"]
[EventType "swiss"]
[EventRounds "5"]
[EventCountry "ENG"]
[SourceTitle "EXT 2013"]
[Source "ChessBase"]
[SourceDate "2012.11.22"]
[SourceVersion "1"]
[SourceVersionDate "2012.11.22"]
[SourceQuality "1"]

1. e4 e6 2. d4 d5 3. Nd2 Nf6 4. e5 Nfd7 5. f4 c5 6. c3 Nc6 7. Ndf3 Qb6 8. a3 Be7 9. b4 cxd4 10. cxd4 a6 11. h4 Qc7 12. Bd2 b5 13. Bd3 Nb6 14. Ne2 Nc4 15. 0-0 Bd7 16. Bxc4 bxc4 17. Bc3 Na7 18. Qd2 0-0 19. Qc2 f5 20. g3 h6 21. Rf2 Be8 22. Rg2 Bh5 23. Nh2 Bxe2 24. Rxe2 Nb5 25. Nf3 a5 26. bxa5 Nxc3 27. Qxc3 Qxa5 28. Qxa5 Rxa5 29. a4 Rb8 30. Kf2 Rb4 31. Rea2 Bd8 32. Ra3 Rb2+ 33. Ke3 Ra6 34. Ng1 Ba5 35. Ne2 Rab6 36. R1a2 Rb1 37. Ra1 Rxa1 38. Rxa1 Rb3+ 39. Kf2 c3 40. Rc1 Ra3 41. Ke3 Rxa4 42. Nxc3 Ra3 43. Kd3 Kf7 44. Rc2 Kg6 45. Rc1 Kh5 46. Rc2 Kg4 47. Rc1 Rxc3+ 48. Rxc3 Bxc3 49. Kxc3 Kxg3 0-1

[Event "EU-ch U14"]
[Site "Prague"]
[Date "2012.08.22"]
[Round "6"]
[White "Balaji, Ananthanarayanan"]
[Black "Haria, Ravi"]
[Result "0-1"]
[WhiteElo "1859"]
[BlackElo "2054"]
[PlyCount "116"]
[EventDate "2012.08.17"]
[EventType "swiss"]
[EventRounds "9"]
[EventCountry "CZE"]
[SourceTitle "CBM 150 Extra"]
[Source "ChessBase"]
[SourceDate "2012.10.19"]
[SourceVersion "1"]
[SourceVersionDate "2012.10.19"]
[SourceQuality "1"]

1. e4 e6 2. d4 d5 3. Nd2 Nf6 4. e5 Nfd7 5. f4 c5 6. c3 Nc6 7. Ndf3 Qb6 8. a3 Be7 9. b4 cxb4 10. cxb4 a6 11. h4 Qc7 12. Bd2 b5 13. Bd3 Nb6 14. Ne2 Nc4 15. Bxc4 bxc4 16. 0-0 0-0 17. Qe1 Bd7 18. Qg3 f6 19. h5 Nd8 20. h6 g6 21. Nh4 Kh8 22. f5 exf5 23. Nf4 Be8 24. exf6 Bd6 25. Qf3 Qf7 26. Qxd5 Bxf4 27. Qxf7 Nxf7 28. Rxf4 g5 29. Rxf5 gxh4 30. Rc5 Nd6 31. Bf4 Rd8 32. Rd5 Nb7 33. Rxd8 Nxd8 34. Rc1 Bf7 35. Be5 Nc6 36. Kf2 Nxe5 37. dxe5 Re8 38. Re1 Kg8 39. Re3 Bd5 40. Kf1 Kf7 41. g3 h3 42. Kg1 Rc8 43. Rc3 Ke6 44. Kh2 Kxe5 45. Kxh3 Kxf6 46. Kg4 Ke5 47. a4 Kd4 48. Rc1 c3 49. Kh5 c2 50. g4 Kc3 51. g5 Be4 52. b5 axb5 53. axb5 Kd2 54. Ra1 c1Q 55. Ra2+ Rc2 56. Ra7 Bf5 57. g6 Kd1 58. Kh4 Qf4+ 0-1

[Event "EU-ch U14"]
[Site "Prague"]
[Date "2012.08.20"]
[Round "4"]
[White "Rydl, Jiri"]
[Black "Balaji, Ananthanarayanan"]
[Result "0-1"]
[WhiteElo "2021"]
[BlackElo "1859"]
[PlyCount "50"]
[EventDate "2012.08.17"]
[EventType "swiss"]
[EventRounds "9"]
[EventCountry "CZE"]
[SourceTitle "CBM 150 Extra"]
[Source "ChessBase"]
[SourceDate "2012.10.19"]
[SourceVersion "1"]
[SourceVersionDate "2012.10.19"]
[SourceQuality "1"]

1. e4 e5 2. Nf3 Nc6 3. d4 exd4 4. Nxd4 Bc5 5. Nxc6 Qf6 6. Qd2 bxc6 7. Nc3 Ne7 8. Bd3 0-0 9. 0-0 d6 10. Na4 Bb6 11. Qe2 Ng6 12. Nxb6 axb6 13. f4 c5 14. c3 Bb7 15. Qc2 Rfe8 16. b3 Qe7 17. Re1 f5 18. e5 dxe5 19. Bxf5 Qh4 20. g3 Qf6 21. Be4 exf4 22. Bxf4 Rxe4 23. Rxe4 Nxf4 24. Rxf4 Qc6 25. Qf5 Qg2# 0-1

[Event "High Wycombe e2e4 Major op 03"]
[Site "High Wycombe"]
[Date "2012.03.18"]
[Round "4"]
[White "Tart, Peter K"]
[Black "Balaji, Ananthanarayanan"]
[Result "1/2-1/2"]
[WhiteElo "1972"]
[BlackElo "1817"]
[PlyCount "42"]
[EventDate "2012.03.16"]
[EventType "swiss"]
[EventRounds "5"]
[EventCountry "ENG"]
[SourceTitle "EXT 2014"]
[Source "ChessBase"]
[SourceDate "2013.11.20"]
[SourceVersion "1"]
[SourceVersionDate "2013.11.20"]
[SourceQuality "1"]

1. e4 e5 2. Nf3 Nc6 3. Bb5 a6 4. Ba4 Nf6 5. Qe2 b5 6. Bb3 Be7 7. c3 0-0 8. 0-0 Re8 9. d4 d6 10. Rd1 Bf8 11. d5 Ne7 12. a4 Rb8 13. Nh4 h6 14. h3 g5 15. Nf3 Ng6 16. axb5 axb5 17. Bc2 Nh7 18. Be3 Qf6 19. Nh2 Nf4 20. Bxf4 gxf4 21. Nd2 Qg6 1/2-1/2